| 000 | 00565nmm a2200193Ia 4500 | ||
|---|---|---|---|
| 008 | 251105s9999||||xx |||||||||||||||||und|| | ||
| 020 | _a9788418245534 | ||
| 041 | _aspa | ||
| 100 | _aSchrödinger, Alicia | ||
| 245 | 0 | _aQuiénes son y qué sienten las plantas carnívoras | |
| 264 |
_a[Madrid, España] : _bSiruela, _c2020 |
||
| 300 | _a168 páginas | ||
| 490 | _aNuevos tiempos | ||
| 650 | _aSpanish narrative | ||
| 700 | _aSchrödinger, Alicia | ||
| 700 | 1 | _a Gutiérrez, Menchu | |
| 856 | _uhttps://public.digitaliapublishing.com/a/68503 | ||
| 942 | _cCF | ||
| 999 |
_c71250 _d71250 |
||